000 00243nam a2200097Ia 4500
005 20251222114417.0
008 251222s1900||||xx |||||||||||||| ||spa||
082 _aDVD0070/W46/2003
245 0 _aWings of desire:El cielo sobre BerlĂ­n
942 _cDVD
999 _c2258
_d2258